000 01499cam a22003614a 4500
001 3976
003 FISKH
005 20240529082657.0
008 030128s2003 nyuab c 001 0 eng
010 _a 2003001790
020 _a0778703746 (LIB)
020 _a9780778704669
020 _a0778704661 (pbk.)
040 _aDLC
_cDLC
_dDLC
_beng
042 _apcc
_alcac
043 _an-ust--
050 0 0 _aE78.S7
_bB58 2003
082 0 0 _a979.2/5901
_221
100 1 _aBishop, Amanda
245 1 0 _aNations of the Southwest /
_cAmanda Bishop & Bobbie Kalman.
260 _aNew York :
_bCrabtree Pub. Co.,
_c2003
300 _a32 pages :
_bcolor illustrations, maps ;
_c28 cm
440 0 _aNative nations of North America
500 _aIncludes index.
505 0 _aThe southwest -- Ancient cultures -- Different lifestyles -- Homes in the southwest -- Pueblo peoples of the Rio Grande -- The Zuni -- The Hopi -- Farmers of the Gila river -- Colorado River farmers -- Northern hunter-gatherers -- The Navajo -- The Apache -- Neighboring nations -- A changing world -- The nations today.
521 8 _a1050
_bLexile NC
650 0 _aIndians of North America
_zSouthwest, New
_vJuvenile literature.
650 1 _aIndians of North America
_zSouthwest, New.
700 1 _aKalman, Bobbie.
906 _a7
_bcbc
_corignew
_d1
_eecip
_f20
_gy-gencatlg
942 _2ddc
_cBK
_n0
999 _c3976
_d3976